MARC details
| 000 -CABECERA |
| campo de control de longitud fija |
02874nam a2200349 4500 |
| 003 - IDENTIFICADOR DEL NÚMERO DE CONTROL |
| campo de control |
EC-UNACH |
| 005 - FECHA Y HORA DE LA ÚLTIMA TRANSACCIÓN |
| campo de control |
20260401161428.0 |
| 006 - CÓDIGOS DE INFORMACIÓN DE LONGITUD FIJA--CARACTERÍSTICAS DEL MATERIAL ADICIONAL |
| campo de control de longitud fija |
s||||gr|||| 00| 00 |
| 008 - DATOS DE LONGITUD FIJA--INFORMACIÓN GENERAL |
| campo de control de longitud fija |
150116t9999 mx r gr 000 0 spa d |
| 020 ## - NÚMERO INTERNACIONAL ESTÁNDAR DEL LIBRO |
| Número Internacional Estándar del Libro |
978-9942-584-07-6 |
| 040 ## - FUENTE DE LA CATALOGACIÓN |
| Centro catalogador/agencia de origen |
EC-UNACH |
| Centro/agencia transcriptor |
EC-UNACH |
| 041 ## - CÓDIGO DE LENGUA |
| Código de lengua del texto/banda sonora o título independiente |
spa |
| 082 04 - NÚMERO DE LA CLASIFICACIÓN DECIMAL DEWEY |
| Número de edición |
23 |
| Número de clasificación |
302.2 |
| Número de documento/Ítem |
L018619 |
| 100 ## - ENTRADA PRINCIPAL--NOMBRE DE PERSONA |
| Nombre de persona |
Barrigas Izurieta, Joselyn Solange / Ruales Parreño, Ramiro Geovanny / Silva Carrera, Juan José / Carpio Maigua, Jonathan Daniel / Pazos Pazos, Jhoanna Carolina |
| 245 ## - MENCIÓN DE TÍTULO |
| Título |
Dinámicas de género y participación ciudadana en los medios en Ecuador |
| 250 ## - MENCIÓN DE EDICIÓN |
| Mención de edición |
Primera edición |
| 264 ## - Producción, publicación, distribución, fabricación y copyright |
| Lugar de producción, publicación, distribución, fabricación |
Riobamba - Ecuador |
| Nombre del de productor, editor, distribuidor, fabricante |
Universidad Nacional de Chimborazo |
| Fecha de de producción, publicación, distribución, fabricación o copyright |
2025 |
| 264 ## - Producción, publicación, distribución, fabricación y copyright |
| Lugar de producción, publicación, distribución, fabricación |
Producción UNACH |
| 300 ## - DESCRIPCIÓN FÍSICA |
| Extensión |
146 páginas |
| Otras características físicas |
tablas, figuras |
| 501 ## - NOTA DE "CON" |
| Nota de “Con” |
Esta investigación tiene como objetivo analizar cómo la inteligencia artificial está inmiscuida en la automatización de tareas y procesos dentro del medio periodístico, explorando casos de estudios que se han encontrado en la actualidad. La globalización es la creciente integración de diferentes aspectos del mundo actual, que trae consigo un cambio estructural en todos los ámbitos de la vida humana. Se trata de un fenómeno que avanza de forma impresionante, pues las tecnologías han evolucionado y con ello la inteligencia artificial ha encontrado su apogeo en diferentes aspectos de la vida humana. La fundamentación teórica tiene enfoques que tratan sobre sociología, modernidad líquida, etnografía digital e inteligencia artificial. La investigación se basa en el método cualitativo, implementando la revisión bibliográfica y entrevistas para conocer del tema con mayor profundidad. Con los datos encontrados se pretende evidenciar cómo la inteligencia artificial influencia el ejercicio periodístico, para el profesional y su forma de trabajo. |
| 505 ## - NOTA DE CONTENIDO CON FORMATO |
| Nota de contenido con formato |
Capítulo 1: Un nuevo paradigma: Influencia de la inteligencia artificial en el ejercicio periodístico -- Capítulo 2: Voces y perspectivas: La participación ciudadana en los medios televisivos -- Capítulo3: Análisis comparativo de femicidios en Ecuador la página de facebook del diario el comercio y las estadísticas del consejo de la judicatura durante el año 2022 2022 -- Capítulo 4: Representación de género en medios: González y Noboa en las elecciones ecuatorianas en 2023 |
| 650 ## - PUNTO DE ACCESO ADICIONAL DE MATERIA--TÉRMINO DE MATERIA |
| Término de materia o nombre geográfico como elemento inicial |
INTELIGENCIA ARTIFICIAL |
| 650 ## - PUNTO DE ACCESO ADICIONAL DE MATERIA--TÉRMINO DE MATERIA |
| Término de materia o nombre geográfico como elemento inicial |
PERIODISMO |
| 650 ## - PUNTO DE ACCESO ADICIONAL DE MATERIA--TÉRMINO DE MATERIA |
| Término de materia o nombre geográfico como elemento inicial |
COMUNICACIÓN |
| 650 ## - PUNTO DE ACCESO ADICIONAL DE MATERIA--TÉRMINO DE MATERIA |
| Término de materia o nombre geográfico como elemento inicial |
ETNOGRAFÍA DIGITAL |
| 650 ## - PUNTO DE ACCESO ADICIONAL DE MATERIA--TÉRMINO DE MATERIA |
| Término de materia o nombre geográfico como elemento inicial |
MODERNIDAD LÍQUIDA |
| 856 ## - LOCALIZACIÓN Y ACCESO ELECTRÓNICOS |
| Identificador Uniforme del Recurso |
<a href="https://editorial.unach.edu.ec/index.php/Editorial/catalog/book/277">https://editorial.unach.edu.ec/index.php/Editorial/catalog/book/277</a> |
| Texto de enlace |
Libro Digital - Dinámicas de género y la participación ciudadana en los medios en Ecuador |
| 942 ## - ELEMENTOS DE PUNTO DE ACCESO ADICIONAL (KOHA) |
| Fuente del sistema de clasificación o colocación |
Clasificación Decimal Dewey |
| Tipo de ítem Koha |
Libro electrónico |
| 999 ## - NÚMEROS DE CONTROL DE SISTEMA (KOHA) |
| Koha biblionumber |
14480 |